000 00468nam a22001697a 4500
999 _c3747
_d3747
008 200629b ||||| |||| 00| 0 eng d
020 _a0408004983
082 0 0 _a623.8503
_bW3371
100 _91
_aWatson, G. O.
245 1 0 _aMarine electrical practice /
_cby G. O. Watson
250 _a5th ed.
260 _aLondon
_bNewnes Butterworths
_c1983
300 _aviii, 444 p.
490 0 _aMarine engineering series
650 0 _aShips--Electric equipment
942 _cBK